| 000 | 00409nam a22001577a 4500 | ||
|---|---|---|---|
| 999 |
_c17538 _d17538 |
||
| 003 | OSt | ||
| 005 | 20221104160058.0 | ||
| 008 | 221104b ||||| |||| 00| 0 eng d | ||
| 040 | _c0 | ||
| 100 |
_aPunay, Edu. _946632 |
||
| 245 | _aHouse panel vows more laws for PWDs / | ||
| 260 |
_aPhilippines ; The Philippine Star, _cFebruary 19, 2020. |
||
| 300 | _apage C4 | ||
| 650 |
_aLaw _946633 |
||
| 942 |
_2ddc _cPER |
||